Olympischer Medaillenspiegel - Moderner Fünfkampf - Statistiken

Allgemein
  • Dieses Quiz wurde 28 mal gespielt
  • Das Durchschnittsergebnis liegt bei 12 aus 16
Antwortstatistiken
Gesamt Gold Silber Bronze Land % Korrekt
3 2 0 1 Deutschland
100%
9 0 6 3 Vereinigte Staaten
100%
3 0 1 2 Frankreich
96%
5 4 1 0 Russland
92%
7 2 2 3 Italien
85%
21 9 7 5 Schweden
85%
5 0 1 4 Finnland
77%
15 5 5 5 Sowjetunion
73%
2 0 1 1 Vereintes Team
73%
2 1 0 1 Tschechien
69%
2 0 1 1 Tschechoslowakei
69%
9 4 2 3 Großbritannien
65%
4 3 0 1 Polen
65%
23 9 8 6 Ungarn
58%
2 0 1 1 Ukraine
50%
5 1 3 1 Litauen
19%
Keine übereinstimmenden Quizze gefunden
Verteilung der Resultate
Anzahl Personen mit jedem Resultat
Perzentil nach korrekt beantworteten Fragen
Ihre Resultats-Entwicklung
Sie haben dieses Quiz noch nicht gespielt